Višegrád volí Tesco

Vo višegrádskom priestore (Česko, Poľsko, Maďarsko, Slovensko) sa koncom minulého roka stalo Tesco najpreferovanejším reťazcom. Preferencia reťazcov vo V4. Preľudnenie hypermarketov.

Gespeichert in:
Bibliographische Detailangaben
Format: Buchkapitel
Sprache:Slowakisch
Schlagworte:
Tags: Tag hinzufügen
Keine Tags, Fügen Sie das erste Tag hinzu!

MARC

LEADER 00000naa$a2200000$$$4500
001 0060081
005 20231128092715.6
041 0 |a slo 
044 |a SK 
245 1 0 |a Višegrád volí Tesco 
520 |a Vo višegrádskom priestore (Česko, Poľsko, Maďarsko, Slovensko) sa koncom minulého roka stalo Tesco najpreferovanejším reťazcom. Preferencia reťazcov vo V4. Preľudnenie hypermarketov. 
610 2 0 |a reťazce obchodné 
610 2 0 |a Vyšehradská štvorka 
610 2 0 |a preferencie 
610 2 0 |a preferencie spotrebiteľské